000
00259nam a22001097a 4500
008
170118b xxu||||| |||| 00| 0 eng d
020
_a
0201511624
041
_a
eng
080
_2
4TH
_a
618.2
245
_a
FUNDAMENTALS OF NURSING
_c
BUFALINO, P.M
942
_2
udc
_c
BK
999
_c
3106
_d
3106